|
|
|
|
| LEADER |
00879ncm a22002412a 4500 |
| 001 |
001269348 |
| 003 |
CZ BrMZK |
| 005 |
20150420143336.0 |
| 007 |
qu |
| 008 |
121119s1906 gw |||||||||||||||||zxx d |
| 040 |
|
|
|a BOA001
|b cze
|
| 072 |
|
7 |
|a 787
|x Hudba pro strunné a smyčcové nástroje
|2 Konspekt
|9 9
|
| 100 |
1 |
|
|a Drdla, František,
|d 1868-1944
|7 jn19990209157
|4 cmp
|
| 245 |
1 |
0 |
|a Dialogue, Op. 27 I.
|h [hudebnina] :
|b pour violon et piano /
|c Franz Drdla
|
| 260 |
|
|
|a Leipzig :
|b Bosworth & Co.,
|c c1906
|
| 300 |
|
|
|a 1 partitura (3 s.) + 1 hlas
|
| 490 |
1 |
|
|a Compositions modernes ;
|v Nr. 18
|
| 510 |
4 |
|
|a [Winiker, C.: Haupt-Katalog der Musikalien-Leih-Anstalt,
|c 57036]
|
| 830 |
|
0 |
|a Compositions modernes
|
| 910 |
|
|
|a BOA001
|b Mus4-0219.111
|
| 990 |
|
|
|a MU
|
| 991 |
|
|
|b 201212
|
| 996 |
6 |
|
|b 2619513586
|c Mus4-0219.111
|l MZK
|r Sklad / do 1 hodiny
|n 0
|p W
|w 001303454
|u 000010
|a 1
|e BOA001
|j MZK50
|s P
|